Quizzes
Events
Quiz Creation
Community
Videos
Private Events
Remove Ads
Sign In
Join for FREE
Feedback
Dark Mode
Quiz Categories
Sports
Geography
Music
Movies
Television
Just For Fun
Miscellaneous
History
Literature
Language
Science
Gaming
Entertainment
Religion
Holiday
For Kids
Quiz Lab
Recent
Popular Today
Quiz Kudos Today
Editor Picks
Curator Picks
Quizzes by...
Day
Popularity
Type
Ratings
Length
Year
Community
Subscriptions
Recent Discussions
Orange Saloon
Badges
Playlists
Quests
Create
Leaderboards
Showdown
Live 5
Trivia Bingo
Activity
Puzzle Library
Sporcle Events
Private Events
Virtual Trivia
Globe League
Become a Host
Pub Owners
SporcleCon
Opinionation
Our Games
Videos
Blog
Mobile Apps
Partnerships
Remove Ads and Go Orange
Feedback
Music
Pop Music
The Beatles
Song
Album
Lyrics
Bands
Singers
Artist
Clip
Rock
Rap
Classical
Billboard
Country Music
Kpop
Taylor Swift
Music
Pop Music
The Beatles
Song
Album
Lyrics
Bands
Singers
Artist
Clip
Rock
Rap
Classical
Billboard
Country Music
Kpop
Taylor Swift
Random Quiz
Search Sporcle
×
Quiz Lab
Quiz Lab
Music
smoke
Type in answers that appear in a list
Type in answers that appear in a list
Classic
Best Score? Go Orange.
But first... let me take a selfie Stats
Can you name the lyrics to 'The Chain Smokers' - '#Selfie'
By
hug301
5m
297 Questions
256 Plays
256 Plays
256 Plays
Comments
Comments
Give Quiz Kudos
Give Quiz Kudos
-
- Ratings
hide this ad
Replay
Link that replays current quiz
Next Quiz
Link to next quiz in quiz playlist
You Got
0%
They Got
Avg Score
65%
Avg Friend Score
Upgrade to see
Score Distribution
Jump to the score distribution portion of the page
Score
0/297
Timer
05:00
0
Plays Today
Lyric
% Correct
the
98.4%
and
98.4%
a
98.4%
and
98.4%
the
98.4%
the
98.4%
a
98.4%
a
98.4%
a
98.4%
the
98.4%
a
98.4%
the
98.4%
the
98.4%
a
98.4%
a
98.4%
I
95.3%
me
95.3%
me
95.3%
me
95.3%
I
95.3%
I
95.3%
me
95.3%
me
95.3%
I
95.3%
I
95.3%
I
95.3%
I
95.3%
I
95.3%
I
95.3%
me
95.3%
I
95.3%
me
95.3%
I
95.3%
I
95.3%
I
95.3%
selfie
89.8%
selfie
89.8%
selfie
89.8%
selfie
89.8%
take
88.3%
take
88.3%
take
88.3%
take
88.3%
let
87.9%
Let
87.9%
he
84.8%
he
84.8%
to
84.8%
he
84.8%
go
84.8%
to
84.8%
go
84.8%
go
84.8%
to
84.8%
to
84.8%
go
84.8%
go
84.8%
go
84.8%
Soooo...
83.6%
so
83.6%
so
83.6%
so
83.6%
girl
83.2%
you
83.2%
you
83.2%
you
83.2%
girl
83.2%
girl
83.2%
you
83.2%
you
83.2%
you
83.2%
girl
83.2%
girl
83.2%
you
83.2%
on
82.8%
Do
82.8%
do
82.8%
on
82.8%
Do
82.8%
on
82.8%
on
82.8%
Do
82.8%
with
82.4%
with
82.4%
with
82.4%
with
82.4%
with
82.4%
Jason
82%
Jason
82%
Jason
82%
that
81.6%
that
81.6%
that
81.6%
that
81.6%
that
81.6%
that
81.6%
That
81.6%
in
80.1%
first,
80.1%
Lyric
% Correct
in
80.1%
But
79.3%
think
78.9%
think?
78.9%
think
78.9%
think
78.9%
is
78.1%
Is
78.1%
is
78.1%
it
77.7%
it
77.7%
was
77.3%
at
77.3%
at
77.3%
was
77.3%
was
77.3%
was
77.3%
was
77.3%
at
77.3%
no
76.6%
no,
76.6%
no
76.6%
like
75.4%
her?
75.4%
her
75.4%
like
75.4%
just
75%
just
75%
just
75%
look
74.2%
look
74.2%
him
73.8%
what
73.8%
What
73.8%
What
73.8%
him?
73.8%
not
72.3%
not
72.3%
She
72.3%
table
71.5%
all
71.5%
all
71.5%
table
71.5%
it's
69.5%
Who
69.5%
It's
69.5%
Be?
69.5%
be
69.5%
Who
69.5%
my
68.8%
my
68.8%
my
68.8%
my
68.8%
even
68%
even
68%
we
68%
we
68%
When
67.6%
when
67.6%
last
67.2%
know
67.2%
How
67.2%
know
67.2%
should
67.2%
should
67.2%
How
67.2%
last
67.2%
should
67.2%
know
67.2%
Should
67.2%
or
66.8%
see
66.8%
or
66.8%
summer,
65.2%
other
64.8%
call
64.1%
here?
64.1%
dress
64.1%
here?
64.1%
make
63.7%
night
63.7%
night
63.7%
Did
63.7%
did
63.7%
Di
63.7%
jealous?
62.5%
Sadness?
62.5%
texting
62.1%
don't
62.1%
booty
62.1%
why
62.1%
Summertime
62.1%
don't
62.1%
DJ
61.7%
playing
61.3%
if
60.9%
if
60.9%
doing
59.4%
get
59%
Lyric
% Correct
totally
58.6%
pretty?
58.6%
tacky
58.2%
can
57.4%
Can
57.4%
wears
57%
cheetah?
56.6%
kept
56.3%
keep
56.3%
short
55.9%
bathroom,
55.9%
need
54.3%
one
53.9%
one
53.9%
cigarette?
52.7%
seeing
52%
does
52%
Oh
52%
Oh
52%
Oh
52%
smoke
51.2%
She's
50.4%
Because
50%
really
49.2%
want
48.8%
filter?
48%
guy
46.9%
help
44.5%
another
44.1%
caption
43.8%
tan
43.4%
wanna
43%
clever
43%
bitches,
43%
likes
42.6%
'livin'
42.2%
hashtag
42.2%
there?
42.2%
Valencia
41.4%
Wait,
41%
I'm
41%
wait,
41%
I'm
41%
XX Pro
40.6%
about
40.6%
down?
40.2%
liked
40.2%
pick
39.8%
shoes
39.1%
up
38.3%
After
37.9%
got
37.9%
10
37.9%
live'
37.5%
out
37.1%
throw
37.1%
5
36.7%
minutes
36.3%
Instagram
36.3%
god,
35.9%
only
35.5%
over
35.5%
creep
34.8%
That's
34.8%
let's
34.8%
Let's
34.8%
home
34%
next
33.2%
fake
33.2%
followers
32.8%
model
32.4%
bought
32%
sleeping
31.6%
never
31.6%
guys
31.6%
shots
31.3%
texted
31.3%
such
30.9%
ratchet
30.5%
mind
30.1%
this
30.1%
fine
29.7%
dance
29.7%
guess
29.7%
goes
28.9%
good
28.9%
some
28.5%
gonna
28.5%
Mondays?
27.3%
vodka
27%
feel
25.8%
Yeah,
25%
pause,
23.4%
anyone
23.4%
took
22.3%
else
20.7%
Ok
19.9%
There's
19.9%
defintley
2%
Quiz Playlist
Details
Report
Send in Message
Add To Playlist
Classic:
Type in answers that appear in a list
Quiz Source
Last Updated: Feb 16, 2017
Quiz Scoreboard
CHALLENGE
Sign Up to Join the Scoreboard
Show All
Scores
Hide
Comments
May contain spoilers
Recently Published
One Thing in Common: World Cities II
by knightlancer
Geography
7m
Popular People in 1961
by mucciniale
History
6m
1-10 Letter E Words III
by El_Dandy
Language
2m
More to Explore
Quiz From the Vault
Featured Blog Post
Where Did the Easter Bunny Come From?
hide this ad
You Might Also Like...
Tags
Chain Game
Music Charts
smoke
Today's Top Quizzes in Music
Browse Music
hide this ad
Top Contributed Quizzes in Music
1
Taylor Swift All Songs (2024)
2
2010s Album by Cover III
3
Taylor Swift Logic Puzzle
4
One Thing in Common: Music
5
Guess the Artist- 70s Songs
6
Guess the Taylor Swift song (Mystery Song)
7
2010s Album by Cover V
8
2010s Album by Cover IV
9
Lana Del Rey Discography (BTD to DYKTTATUOB)
10
KPOP LOGIC QUIZ
Explore More
Trending Topics
Crossword
Disney
NBA
Harry Potter
Marvel
Kpop
Anime
Soccer
The Office
NFL
Puzzle
WWE
Pokémon
Song
Country
hide this ad
More By:
hug301
Quiz
Plays
Rating
Category
Featured
Created
You think the darkness is your ally?
899
4.33
Movies
Jan 24, 2014
Tom Odell Song by Lyric
397
5.00
Music
Jan 23, 2014
But first... let me take a selfie
256
2.67
Music
Mar 17, 2014
Help Madam Pomfrey!
126
5.00
Literature
Jan 22, 2014
What is it made from: Alcohol
117
Miscellaneous
Jan 21, 2014
Go to Creator's Profile
Score Distribution
Quiz Creator Spotlight
hug301
Follow
Send a Message
Quizzes Created
-
Created Quiz Play Count
-
More By This Creator
Popular Quizzes Today
1
Find the US States - No Outlines Minefield
2
The Countries of the World
3
Popular People in 1961
4
Find the Countries of Europe - No Outlines Minefield
5
1-10 Letter E Words III
6
Find the US States
7
One Thing in Common: World Cities II
8
US States
More Music Quizzes
50 Songs: Best Of British - Radio X (50-1)
Quiz Lab
Trending Quizzes
1-10 Letter F Words
1-10 Letter G Words
Risky Map Clicking: Next State Alphabetically
1-10 Letter F Words II
Risky Map Clicking: States by Unique Starting Letters
Recently Updated
Leaping Animals
pecheneg
Reality TV Shows (A-Z)
bhenderson79
Rickey Henderson's Hall of Fame Teammates
pecheneg
Champions League XIs: Arsenal
pecheneg
Quick Pick: Celebrities in WWE's Hall of Fame
aduchscher
A-Z Keypad Blitz II
pecheneg
Multiple Oscar Actors
pecheneg
Mystery Phrase Blitz: Oscar 'Best Actors'
pecheneg
F. Scott Fitzgerald Novels
LTH
Pick 3 Villains
ddd62291
Trending Topics
NBA
Anime
Crossword
Harry Potter
Kpop
Marvel
Disney
Song
Soccer
Country
WWE
NFL
The Office
Pokémon
Puzzle
Your Account Isn't Verified!
In order to create a playlist on Sporcle, you need to verify the email address you used during registration. Go to your
Sporcle Settings
to finish the process.
Report this User
Report this user for behavior that violates our
Community Guidelines
.
Details:
Send Report
Go to the Sporcle.com Mobile Site →
Comments